• 首页
  • 本馆介绍
  • 公告通知
  • 最新文献
  • 馆藏检索
  • 电子资源
  • 读者导购
  • 参考咨询
  • 我的图书馆
  • 登录
  • 详细信息显示
  • 放入我的书架
  • 预约/预借图书
  • 作者相关作品
  • 分类相关作品
  • 丛书相关作品
  • 出版社相关作品

书目信息

  • 表格格式
  • 工作单格式
  • 卡片格式
题名:
绝对值方程
    
 
作者: 林世保 , 杨世明, 著
分册:  
出版信息: 哈尔滨   哈尔滨工业大学出版社  2012
页数: 334页
开本: 25cm
丛书名: 数学·统计学系列
单 册:
中图分类: O122.2
科图分类:
主题词: 绝对值--jue dui zhi--方程
电子资源:
ISBN: 978-7-5603-3512-4
000 01254cam 2200325 450
001 012001000526
005 20131106111323.0
010    @a978-7-5603-3512-4@d48.00
099    @aCAL 012013049613
100    @a20130419d2012 em y0chiy50 ea
101 0  @achi
102    @aCN@b230000
105    @aa a 000yy
106    @ar
200 1  @a绝对值方程@Ajue dui zhi fang cheng@e折边与组合图形的解析研究@d= Absolute value equation@eanalytical research on folding and composite figure@f林世保, 杨世明著@zeng
210    @a哈尔滨@c哈尔滨工业大学出版社@d2012
215    @a334页@c图@d25cm
225 2  @a数学·统计学系列@Ashu xue ·tong ji xue xi lie
225 2  @a大家书系@Ada jia shu xi
320    @a有书目
410  0 @12001@a数学·统计学系列@Ashu xue ·tong ji xue xi lie
410  0 @12001@a大家书系
510 1  @aAbsolute value equation@enalytical research on folding and composite figure@zeng
517 1  @a折边与组合图形的解析研究@Ashe bian yu zu he tu xing de jie xi yan jiu
606 0  @a绝对值@Ajue dui zhi@x方程
690    @aO122.2@v5
701  0 @a林世保@Alin shi bao@4著
701  0 @a杨世明,@AYang Shiming@f1935-@4著@3CAL n2004123022#@7jt0yjt0y@7ec0yec0y
801  0 @aCN@b北京卓展文化@c20191020
905    @b1196312-5@dO122.2@e97@f4
    
    绝对值方程:折边与组合图形的解析研究= Absolute value equation:analytical research on folding and composite figure/林世保, 杨世明著.-哈尔滨:哈尔滨工业大学出版社,2012
    334页:图;25cm.-(数学·统计学系列).-(大家书系)
    
    
    ISBN 978-7-5603-3512-4:48.00
    
●
相关链接 在E读中查询图书 在五车中查询图书 在当当中查询图书 在豆瓣中查询图书


正题名:绝对值方程     索取号:O122.2/97         预约/预借

序号 登录号 条形码 馆藏地/架位号 状态 备注
1 1196312   211963124   第二样本阅览室/ [索取号:O122.2/97] 在馆    
2 1196313   211963133   第三借阅区/ [索取号:O122.2/97] 在馆    
3 1196314   211963142   第三借阅区/ [索取号:O122.2/97] 在馆    
4 1196315   211963151   第三借阅区/ [索取号:O122.2/97] 在馆    
唐山师范学院图书馆 欢迎您!
大连网信软件有限公司© 版权所有